banner-ar

الاسلام ورؤيتة فيما بعد الحياة / (Record no. 45997)

MARC details
000 -الفاتح
حقل البيانات ثابتة الطول 00541nam a2200193Ia 4500
008 - عناصر البيانات ثابتة الطول - معلومات عامة
حقل البيانات ثابتة الطول 140319s9999 xx 000 0 ara d
040 ## - مصدر الفهرسة
وكالة الفهرسة الأصلية GCL /
وكالة النسخ GCL
082 04 - رقم تصنيف ديوى العشرى
رقم التصنيف 243
رقم المادة ح ا
100 1# - المدخل الرئيسى - إسم شخصى
الإسم الشخصى حسن خالد
245 10 - بيان العنوان
العنوان الاسلام ورؤيتة فيما بعد الحياة /
بيان المسئوليه,etc حسن خالد
300 ## - الوصف المادى
التعداد 466 ص
490 ## - بيان السلسلة
عنوان السلسلة اجمل الحكايات
رقم المجلد/ التعيين التسلسلي 0
650 04 - المدخل الاضافى بالموضوع-مصطلح موضوعى
مصطلح موضوعي الجنة
650 04 - المدخل الاضافى بالموضوع-مصطلح موضوعى
مصطلح موضوعي يوم القيامة
650 04 - المدخل الاضافى بالموضوع-مصطلح موضوعى
مصطلح موضوعي الساعة - البعث
650 04 - المدخل الاضافى بالموضوع-مصطلح موضوعى
مصطلح موضوعي الموت - جهنم
942 ## - عناصر المدخل الإضافي( كوها)
مصدر التصنيف او مخطط الترفيف Dewey Decimal Classification
Koha [default] item type كتاب
Holdings
حالة التراجع حالة الفقد حالة تلف ليس للاعارة المكان المؤقت الموقع الحالى تاريخ الاكتساب اجمالي اﻻعارات رقم الطلب الباركود تاريخ اخر مشاهدة تاريخ تفعيل السعر نوع وعاء كوها
        مكتبة القاهرة الكبرى مكتبة القاهرة الكبرى 03/26/2014   243\ح ا 112081 03/26/2014 03/26/2014 كتاب
        مكتبة القاهرة الكبرى مكتبة القاهرة الكبرى 03/26/2014   243\ح ا 112082 03/26/2014 03/26/2014 كتاب
        مكتبة القاهرة الكبرى مكتبة القاهرة الكبرى 03/26/2014   243\ح ا 112083 03/26/2014 03/26/2014 كتاب

Powered By

EGPV